| 000 | 00505nam a22001697a 4500 | ||
|---|---|---|---|
| 999 |
_c8741 _d8741 |
||
| 008 | 201211b ||||| |||| 00| 0 eng d | ||
| 040 | _aBMS College of Architecture | ||
| 100 | _aJaiswal, S Rishab | ||
| 245 | _aIT Community centre | ||
| 300 | _a34p. | ||
| 500 | _a1BM11AT052 | ||
| 502 |
_8B,Arch _NBMS College of Architecture, Visvesvaraya Technological University (VTU) _aProject report _d2015 |
||
| 650 | _aNA | ||
| 700 |
_aChaitra Saraf _eGuide |
||
| 700 |
_aSharanya Iyer _eGuide |
||
| 942 |
_2ddc _cTHE |
||